Vysoká škola a výchova

Gespeichert in:
Bibliographische Detailangaben
1. Verfasser: Jůva, Vladimír (Verfasst von)
Format: Buch
Sprache:Tschechisch
Veröffentlicht: Brno : Univerzita J.E.Purkyně, 1981
Tags: Tag hinzufügen
Keine Tags, Fügen Sie das erste Tag hinzu!

MARC

LEADER 00000nam a22000003a 4500
001 stu137549
005 20150617225921.6
008 070201s1981----cs------------------cze-d
040 |a STU  |b slo 
041 0 |a cze 
044 |a cs 
080 |a 378(437) 
100 1 |a Jůva, Vladimír  |4 aut 
245 1 |a Vysoká škola a výchova 
260 |a Brno :  |b Univerzita J.E.Purkyně,  |c 1981 
300 |a 162 s 
996 |b E51179  |c E*51179  |l EE03  |s P  |a 0  |w stu137549_0001